Countries by Half-and-Half Images - Statistics

General Stats
  • This quiz has been taken 28,424 times
  • The average score is 20 of 24
Answer Stats
Picture Answer % Correct
France
100%
United States
99%
Japan
98%
Brazil
97%
Italy
97%
South Korea
97%
India
96%
North Korea
96%
China
93%
Russia
93%
United Kingdom
90%
South Africa
89%
Australia
82%
Cuba
82%
Madagascar
80%
Netherlands
77%
North Macedonia
77%
New Zealand
74%
Spain
71%
Mexico
69%
Belize
53%
Burundi
51%
Ecuador
51%
Kiribati
50%
No matching quizzes found
Score Distribution
Percent of People with Each Score
Percentile by Number Answered
Your Score History
You have not taken this quiz